Vplyv variability podmienok ošetrovania na dosiahnutý stupeň hydratácie cementu diplomová práca

Enregistré dans:
Détails bibliographiques
Auteur principal: Repaská Krestianová, Mária
Format: Livre
Langue:slovaque
Publié: Bratislava FCHPT STU 2013
Accès en ligne:Voir à l'OPAC
Tags: Ajouter un tag
Pas de tags, Soyez le premier à ajouter un tag!

MARC

LEADER 00000nam a2200000 a 4500
005 20260127134257.0
008 130710 2013 000 0 slo d
035 |a vtls010526244 
039 9 |y 201307100951  |z mschk03 
040 |a STUSCHK1  |b slo  |c STUSCHK1  |e AACR2 
100 1 |a Repaská Krestianová, Mária 
245 1 |a Vplyv variability podmienok ošetrovania na dosiahnutý stupeň hydratácie cementu  |b diplomová práca  |c Mária Repaská Krestianová 
260 |a Bratislava  |b FCHPT STU  |c 2013 
300 |a 76 s.  |b il., tab.  |c 30 cm 
500 |a Obhájené: 11.06.2013 
500 |a Štud. odbor: Chemické technológie 
500 |a Miesto vypracovania: Oddelenie keramiky, skla a cementu FCHPT STU 
500 |a Evidenčné číslo: FCHPT-5439-40606 
910 |a SCHK95 
999 |c 8574  |d 8574